[Event "Werner-Ott-Open Kreuzberger Sommer 2018"]
[Site "Berlin"]
[Date "2018.07.05"]
[Round "6.19"]
[White "Woerz, Markus"]
[Black "Rausch, Erik"]
[Result "1-0"]
[WhiteElo "2007"]
[BlackElo "1711"]
[PlyCount "59"]
[EventDate "2018.06.30"]
[EventType "tourn"]
[EventRounds "9"]
[EventCountry "GER"]
[SourceTitle "WOOKS_2018_R6"]
[Source "Andreas Lange"]
[SourceDate "2018.07.05"]
[SourceVersion "1"]
[SourceVersionDate "2018.07.05"]
[SourceQuality "1"]
[WhiteTeam "SC Kreuzberg"]
[BlackTeam "SC Kreuzberg"]
[WhiteTeamCountry "GER"]
[BlackTeamCountry "GER"]

1. e4 c5 2. Nf3 Nc6 3. d4 cxd4 4. Nxd4 Qb6 5. Nb3 Nf6 6. Nc3 e6 7. Be3 Qc7 8.
Bd3 a6 9. f4 d6 10. Qf3 g6 11. O-O Bg7 12. Rad1 O-O 13. Rd2 Rb8 14. g4 b5 15.
a3 Bb7 16. h3 Ne7 17. Qg2 d5 18. Nd4 dxe4 19. Nxe4 Kh8 20. c3 Ned5 21. Qe2 Nxe3
22. Qxe3 Nd5 23. Qf2 Bh6 24. g5 Bg7 25. h4 Rbd8 26. h5 h6 27. hxg6 e5 28. gxh6
Bxh6 29. Qh4 Kg7 30. Nf5+ 1-0

[Event "Werner-Ott-Open Kreuzberger Sommer 2018"]
[Site "Berlin"]
[Date "2018.07.05"]
[Round "6.20"]
[White "Ruether, Marc"]
[Black "Buttkus, Andre"]
[Result "0-1"]
[WhiteElo "1792"]
[BlackElo "2004"]
[PlyCount "65"]
[EventDate "2018.06.30"]
[EventType "tourn"]
[EventRounds "9"]
[EventCountry "GER"]
[SourceTitle "WOOKS_2018_R6"]
[Source "Andreas Lange"]
[SourceDate "2018.07.05"]
[SourceVersion "1"]
[SourceVersionDate "2018.07.05"]
[SourceQuality "1"]
[WhiteTeam "Queer-Springer SSV"]
[BlackTeam "SK Tempelhof 1931"]
[WhiteTeamCountry "GER"]
[BlackTeamCountry "GER"]

1. e4 c5 2. c3 g6 3. d4 cxd4 4. cxd4 d5 5. e5 Bg7 6. Nc3 Nh6 7. h3 O-O 8. Nf3
b6 9. Be2 Nc6 10. Bf4 f6 11. exf6 exf6 12. Nb5 a6 13. Qc1 axb5 14. Qxc6 Ra7 15.
O-O g5 16. Bh2 g4 17. hxg4 Bxg4 18. Qxb5 Nf5 19. Qd3 Re8 20. Rfe1 Re4 21. Rac1
Rae7 22. Kf1 Bh6 23. Rc2 Qe8 24. Qb3 Qf7 25. Rc8+ Kg7 26. Ne5 Bxe2+ 27. Rxe2
fxe5 28. Bxe5+ R7xe5 29. dxe5 Rxe2 30. Qxb6 Ng3+ 31. Kg1 Re1+ 32. Kh2 Rh1+ 33.
Kxg3 0-1

[Event "Werner-Ott-Open Kreuzberger Sommer 2018"]
[Site "Berlin"]
[Date "2018.07.05"]
[Round "6.32"]
[White "Plaza Reino, Agustin"]
[Black "Fiedler, Ronald"]
[Result "1-0"]
[WhiteElo "1923"]
[BlackElo "1663"]
[PlyCount "81"]
[EventDate "2018.06.30"]
[EventType "tourn"]
[EventRounds "9"]
[EventCountry "GER"]
[SourceTitle "WOOKS_2018_R6"]
[Source "Andreas Lange"]
[SourceDate "2018.07.05"]
[SourceVersion "1"]
[SourceVersionDate "2018.07.05"]
[SourceQuality "1"]
[WhiteTeam "Enniscorthy Chess Club"]
[BlackTeam "Spvg Laeufer Reinickendorf"]
[WhiteTeamCountry "IRL"]
[BlackTeamCountry "GER"]

1. e4 c5 2. Nf3 e6 3. d4 cxd4 4. Nxd4 Nc6 5. c4 a6 6. Nc3 Qc7 7. Be3 Nf6 8. Bd3
Ne5 9. Rc1 Nxd3+ 10. Qxd3 Bb4 11. a3 Bxc3+ 12. Rxc3 O-O 13. Ne2 Ng4 14. Bd4 e5
15. Be3 Qd8 16. f3 Nxe3 17. Qxe3 d6 18. O-O Be6 19. Rd1 Qe7 20. Qb6 Rfd8 21. b3
Rac8 22. Rcd3 Rc6 23. Qb4 b6 24. a4 Qc7 25. Nc3 h6 26. Na2 Rc5 27. Nc3 Kh7 28.
Qa3 f6 29. Qb2 b5 30. axb5 axb5 31. Nxb5 Qb6 32. Qf2 Rxb5 33. cxb5 Qxb5 34. h3
Bxb3 35. Rxd6 Ra8 36. Rb1 Qc4 37. Rd2 Ra2 38. Kh2 Rxd2 39. Qxd2 Qe6 40. Qc3 Bc4
41. Rb7 1-0